Libro de los elogios /

Diccionario de términos del español vinculados con el elogio, lo óptimo, lo bueno.

Enregistré dans:
Détails bibliographiques
Auteur principal: Celdrán, Pancracio (autor)
Format: Livre
Langue:espagnol
Publié: Madrid, España : Ediciones del Prado, 1996, c1996
Collection:(Palabras Mayores)
Sujets:
Tags: Ajouter un tag
Pas de tags, Soyez le premier à ajouter un tag!

MARC

LEADER 00000nam^a2200000^a^4500
001 000341717
005 20250521000000.0
008 140509 19961996
009 20260310114530.804
020 |a 84-7838-776-5 
037 |a Acervo Xavier Clavigero 
041 |a ESP 
082 |a 463.  |b CEL 
100 |a Celdrán, Pancracio  |e (autor) 
245 1 0 |a Libro de los elogios /  |c P. Celdrán. 
264 4 |a Madrid, España :  |b Ediciones del Prado,  |c 1996, c1996 
300 |a IX, 294 p. 
336 |a texto  |b txt  |2 rdacontenido 
337 |a sin mediación  |b n  |2 rdamedio 
338 |a volumen  |b nc  |2 rdasoporte 
440 1 |a (Palabras Mayores) 
520 |a Diccionario de términos del español vinculados con el elogio, lo óptimo, lo bueno. 
649 |a XX 
650 |a Elogios -  |x Tema Principal 
650 |a Elogios -  |x Enciclopedias y Diccionarios 
650 |a Español -  |x Enciclopedias y Diccionarios 
650 |a Lenguas Romances 
650 |a Lenguaje y Lenguas 
650 |a Lingüística 
910 |a Fondo General 
920 |a Impresos - Libros 
930 |a Obras de Referencia 
905 |a 102 
901 |a 0500231716  |b IT2  |c REF  |u 20250521 
902 |a https://opac.biblio.iteso.mx/vufind/Record/000341717